| 000 | 00852nam a2200277 a 4500 | ||
|---|---|---|---|
| 001 | 000010497 | ||
| 003 | DO-SdBNP | ||
| 005 | 20170927085146.0 | ||
| 007 | 000010497 | ||
| 008 | 091007s2007 dr a 000 p spa d | ||
| 040 |
_aBPMSU _bspa _cBPMSU |
||
| 082 | 4 |
_aRD861.44 _bL817y |
|
| 092 | _a | ||
| 100 | 1 |
_aLockward Artiles, Antonio, _d1943- |
|
| 245 | 1 | 0 |
_aYo canto al tanque de lastre / _cAntonio Lockward Atiles |
| 250 | _a3a, ed. | ||
| 260 |
_aSanto Domingo : _bEditora Universitaria _c2007 |
||
| 300 |
_a80 p. : _bil. ; _c20 cm. |
||
| 500 | _aIncluye datos biográficos del autor en la solapa de la cubierta | ||
| 650 | 4 | _aPOESÍA DOMINICANA | |
| 650 | 4 | _aLITERATURA DOMINICANA | |
| 910 | _aValidado. Control de calidad BNPHU. | ||
| 942 |
_2ddc _cBK |
||
| 945 | _a Inventariado / 2017 VM | ||
| 956 |
_aVMATEO _b10 _c20150511 _lBPMSU _h00151 |
||
| 999 |
_c7858 _d7858 |
||